Molecualr host plant resistance to pests (Record no. 42636)

MARC details
000 -LEADER
fixed length control field 00418nam a2200157Ia 4500
020 ## - INTERNATIONAL STANDARD BOOK NUMBER
ISBN 082470990X
082 ## - DEWEY DECIMAL CLASSIFICATION NUMBER
Classification number 632.9
Item number SAD
100 ## - MAIN ENTRY--AUTHOR NAME
Personal name Sadasivam, S
245 #0 - TITLE STATEMENT
Title Molecualr host plant resistance to pests
260 ## - PUBLICATION, DISTRIBUTION, ETC. (IMPRINT)
Place of publication New York
Name of publisher Marcel Dekker
Year of publication 2003
650 ## - SUBJECT ADDED ENTRY--TOPICAL TERM
Topical Term Pest management
650 ## - SUBJECT ADDED ENTRY--TOPICAL TERM
Topical Term Sustainable agriculture
700 ## - ADDED ENTRY--PERSONAL NAME
Personal name Thayumanavan, B
942 ## - ADDED ENTRY ELEMENTS (KOHA)
Koha item type Books
Holdings
Withdrawn status Lost status Damaged status Not for loan Home library Current library Date acquired Cost, normal purchase price Full call number Accession Number Koha item type
        RRII Library RRII Library 16/12/2021 115.00 632.9 SAD 22905 Books